Imparables 2 : Por qué el mundo es injusto /
¿Por qué los humanos somos imparables? La respuesta a esta pregunta es una de las historias más extrañas y fascinantes que hayas leído, y es nuestra historia, la historia de la humanidad. ¿Cómo pasamos de dominar la Tierra a gobernarnos los unos a los otros? ¿Cómo se convirtieron nuestros antepasado...
Guardado en:
| Autor Principal: | |
|---|---|
| Otros Autores: | , |
| Formato: | Libro |
| Idioma: | Undetermined |
| Publicado: |
Buenos Aires :
Montena,
2023.
|
| Edición: | 1a ed. |
| Materias: | |
| Etiquetas: |
Agregar Etiqueta
Sin Etiquetas, Sea el primero en etiquetar este registro!
|
| LEADER | 01891nam a22003015a 4500 | ||
|---|---|---|---|
| 001 | CEM.cems024311 | ||
| 008 | 240906s2023####ag############000#0#und#d | ||
| 005 | 20240906092325.0 | ||
| 245 | 1 | 0 | |a Imparables 2 : |b Por qué el mundo es injusto / |c Yuval Noah Harari; ilustrado por Ricard Zaplana Ruiz; traducido por Alicia Astorza. |
| 250 | |a 1a ed. | ||
| 260 | |a Buenos Aires : |b Montena, |c 2023. | ||
| 300 | |a 176 p. | ||
| 500 | |a Título original: Unstoppable Us, Volume 2: Why the world isn´t Fair. | ||
| 505 | 0 | |a Línea del tiempo de la historia -- "No es justo" -- Todo está controlado -- Uy, esto no nos lo esperábamos -- Cosas que asustan a los adultos -- Los sueños de los muertos -- Agradecimientos -- Nota del autor -- Mapamundi de la historia. | |
| 520 | |a ¿Por qué los humanos somos imparables? La respuesta a esta pregunta es una de las historias más extrañas y fascinantes que hayas leído, y es nuestra historia, la historia de la humanidad. ¿Cómo pasamos de dominar la Tierra a gobernarnos los unos a los otros? ¿Cómo se convirtieron nuestros antepasados cazadores y recolectores en agricultores?¿Por qué se establecieron los reinos y las leyes?¿Por qué el mundo es injusto? Prepárate para descubrir como los humanos crearon las civilizaciones y cambiaron la historia, en un viaje que recorre el desarrollo de la humanidad desde la revolución agrícola hasta el antiguo Egipto. | ||
| 020 | |a 9789878940786 | ||
| 100 | 1 | |a Harari, Yuval Noah. | |
| 700 | 1 | |a Zaplana Ruiz, Ricard; il. | |
| 700 | 1 | |a Astorza, Alicia; trad. | |
| 653 | |a Historia | ||
| 653 | |a Historia Universal | ||
| 653 | |a Historia Mundial | ||
| 653 | |a Historia Antigua | ||
| 653 | |a Egipto | ||
| 653 | |a Primeras civilizaciones | ||
| 653 | |a Prehistoria | ||
| 859 | |a CEMS |b BIB. CEMS - 11 de abril |h 930 |i H212-1 |p 29529.24 |t Ej.1 | ||
| 859 | |a CEMS |b BIB. CEMS - 11 de abril |h 930 |i H212-1 |p 29530.24 |t Ej.2 | ||
